易本万利 (Record no. 68236)

000 -LEADER
fixed length control field 00450nam a22001817a 4500
003 - CONTROL NUMBER IDENTIFIER
control field MPLRDC
005 - DATE AND TIME OF LATEST TRANSACTION
control field 20220104203656.0
008 - FIXED-LENGTH DATA ELEMENTS--GENERAL INFORMATION
fixed length control field 210129b ||||| |||| 00| 0 eng d
020 ## - INTERNATIONAL STANDARD BOOK NUMBER
International Standard Book Number 978-981-229-509-5
082 ## - DEWEY DECIMAL CLASSIFICATION NUMBER
Classification number 494 HRS
100 ## - MAIN ENTRY--PERSONAL NAME
Personal name 黄若瑟
245 ## - TITLE STATEMENT
Title 易本万利
Statement of responsibility, etc. 黄书庆 绘
250 ## - EDITION STATEMENT
Edition statement 初版一刷
260 ## - PUBLICATION, DISTRIBUTION, ETC.
Place of publication, distribution, etc. 新加坡
Name of publisher, distributor, etc. 亚太图书有限公司
Date of publication, distribution, etc. 2009
300 ## - PHYSICAL DESCRIPTION
Other physical details
650 ## - SUBJECT ADDED ENTRY--TOPICAL TERM
Topical term or geographic name entry element 企业管理
942 ## - ADDED ENTRY ELEMENTS (KOHA)
Koha item type Book
-- 494 HRS
Holdings
Withdrawn status Lost status Source of classification or shelving scheme Damaged status Not for loan Collection code Home library Current library Shelving location Date acquired Cost, normal purchase price Total Checkouts Full call number Barcode Date last seen Date last checked out Price effective from Koha item type Public note
            Malaysian Public Library, Research and Development Centre Malaysian Public Library, Research and Development Centre   05/09/2018 20.00   494 HRS 00061752 18/03/2021 05/09/2018 18/03/2021 Book mplrdc

© 2022. Malaysian Public Library, Research and Development Centre. All Right ReservedE-mailmplrdc@help.edu.my 

Powered by Koha